000 00470nam a2200181Ia 4500
008 100917s9999 xx 000 0 und d
082 _b40413
100 _aभावे पु. भा.
245 _aव्याध
260 _bमेनका प्रकाशन
_c1970
300 _a132
365 _b4.5
520 _aकादंबरी
630 _aव्याध
650 _aकादंबरी
730 _aव्याध
942 _cBOOK
999 _c645807
_d645804